<?xml version="1.0" encoding="UTF-8"?>
<record
    xmlns:xsi="http://www.w3.org/2001/XMLSchema-instance"
    xsi:schemaLocation="http://www.loc.gov/MARC21/slim http://www.loc.gov/standards/marcxml/schema/MARC21slim.xsd"
    xmlns="http://www.loc.gov/MARC21/slim">

  <leader>00435nam a22001577a 4500</leader>
  <datafield tag="999" ind1=" " ind2=" ">
    <subfield code="c">3442</subfield>
    <subfield code="d">3442</subfield>
  </datafield>
  <controlfield tag="008">200615b           ||||| |||| 00| 0 eng d</controlfield>
  <datafield tag="020" ind1=" " ind2=" ">
    <subfield code="a">9780713667332</subfield>
  </datafield>
  <datafield tag="082" ind1="0" ind2="0">
    <subfield code="a">623.87</subfield>
    <subfield code="b">E532</subfield>
  </datafield>
  <datafield tag="100" ind1=" " ind2=" ">
    <subfield code="9">934</subfield>
    <subfield code="a">Embleton, William</subfield>
  </datafield>
  <datafield tag="245" ind1="1" ind2="0">
    <subfield code="a">Reed's Vol. 3 : applied heat for engineering /</subfield>
  </datafield>
  <datafield tag="250" ind1=" " ind2=" ">
    <subfield code="a">4th ed.</subfield>
  </datafield>
  <datafield tag="260" ind1=" " ind2=" ">
    <subfield code="a">London :</subfield>
    <subfield code="b">Adlard Coles,</subfield>
    <subfield code="c">2010.</subfield>
  </datafield>
  <datafield tag="300" ind1=" " ind2=" ">
    <subfield code="a">296 p.</subfield>
  </datafield>
  <datafield tag="650" ind1=" " ind2="0">
    <subfield code="a">Heat Transmission</subfield>
  </datafield>
  <datafield tag="942" ind1=" " ind2=" ">
    <subfield code="c">BK</subfield>
  </datafield>
  <datafield tag="952" ind1=" " ind2=" ">
    <subfield code="0">0</subfield>
    <subfield code="1">0</subfield>
    <subfield code="2">ddc</subfield>
    <subfield code="4">0</subfield>
    <subfield code="6">623_870000000000000_E532</subfield>
    <subfield code="7">0</subfield>
    <subfield code="9">9324</subfield>
    <subfield code="a">CL</subfield>
    <subfield code="b">CL</subfield>
    <subfield code="d">2013-12-20</subfield>
    <subfield code="e">Shroff Publishers and Distributors</subfield>
    <subfield code="o">623.87 E532</subfield>
    <subfield code="p">11726</subfield>
    <subfield code="r">2020-06-15</subfield>
    <subfield code="v">1499.00</subfield>
    <subfield code="y">BK</subfield>
  </datafield>
  <datafield tag="952" ind1=" " ind2=" ">
    <subfield code="0">0</subfield>
    <subfield code="1">0</subfield>
    <subfield code="2">ddc</subfield>
    <subfield code="4">0</subfield>
    <subfield code="6">623_870000000000000_E532</subfield>
    <subfield code="7">0</subfield>
    <subfield code="9">9325</subfield>
    <subfield code="a">CL</subfield>
    <subfield code="b">CL</subfield>
    <subfield code="d">2013-12-20</subfield>
    <subfield code="e">Shroff Publishers and Distributors</subfield>
    <subfield code="o">623.87 E532</subfield>
    <subfield code="p">11727</subfield>
    <subfield code="r">2020-06-15</subfield>
    <subfield code="v">1499.00</subfield>
    <subfield code="y">BK</subfield>
  </datafield>
  <datafield tag="952" ind1=" " ind2=" ">
    <subfield code="0">0</subfield>
    <subfield code="1">0</subfield>
    <subfield code="2">ddc</subfield>
    <subfield code="4">0</subfield>
    <subfield code="6">623_870000000000000_E532</subfield>
    <subfield code="7">0</subfield>
    <subfield code="9">9326</subfield>
    <subfield code="a">CL</subfield>
    <subfield code="b">CL</subfield>
    <subfield code="d">2013-12-20</subfield>
    <subfield code="e">Shroff Publishers and Distributors</subfield>
    <subfield code="o">623.87 E532</subfield>
    <subfield code="p">11728</subfield>
    <subfield code="r">2020-06-15</subfield>
    <subfield code="v">1499.00</subfield>
    <subfield code="y">BK</subfield>
  </datafield>
  <datafield tag="952" ind1=" " ind2=" ">
    <subfield code="0">0</subfield>
    <subfield code="1">0</subfield>
    <subfield code="2">ddc</subfield>
    <subfield code="4">0</subfield>
    <subfield code="6">623_870000000000000_E532</subfield>
    <subfield code="7">0</subfield>
    <subfield code="9">9327</subfield>
    <subfield code="a">CL</subfield>
    <subfield code="b">CL</subfield>
    <subfield code="d">2013-12-20</subfield>
    <subfield code="e">Shroff Publishers and Distributors</subfield>
    <subfield code="l">1</subfield>
    <subfield code="o">623.87 E532</subfield>
    <subfield code="p">11729</subfield>
    <subfield code="r">2024-09-09</subfield>
    <subfield code="s">2024-08-23</subfield>
    <subfield code="v">1499.00</subfield>
    <subfield code="y">BK</subfield>
  </datafield>
  <datafield tag="952" ind1=" " ind2=" ">
    <subfield code="0">0</subfield>
    <subfield code="1">0</subfield>
    <subfield code="2">ddc</subfield>
    <subfield code="4">0</subfield>
    <subfield code="6">623_870000000000000_E532</subfield>
    <subfield code="7">0</subfield>
    <subfield code="9">9328</subfield>
    <subfield code="a">CL</subfield>
    <subfield code="b">CL</subfield>
    <subfield code="d">2013-12-20</subfield>
    <subfield code="e">Shroff Publishers and Distributors</subfield>
    <subfield code="l">1</subfield>
    <subfield code="m">2</subfield>
    <subfield code="o">623.87 E532</subfield>
    <subfield code="p">11730</subfield>
    <subfield code="r">2025-03-12</subfield>
    <subfield code="s">2025-01-28</subfield>
    <subfield code="v">1499.00</subfield>
    <subfield code="y">BK</subfield>
  </datafield>
</record>
